Zásoby v milk-run systéme

Prístup štíhleho zásobovania pracovísk - koncept milk -run - z pohľadu udržiavania optimálnej úrovne zásob vo vnútropodnikovom systéme. Základné parametre pre riadenie zásob vo vstupnom sklade a na pracovisku. Výpočet maximálnej a minimálnej zásoby. Synchronizácia logistických a výrobných procesov.

Gespeichert in:
Bibliographische Detailangaben
1. Verfasser: Krajčovič, Martin
Format: Buchkapitel
Sprache:Slowakisch
Schlagworte:
Tags: Tag hinzufügen
Keine Tags, Fügen Sie das erste Tag hinzu!

MARC

LEADER 00000naa$a2200000$$$4500
001 0112640
005 20221024122339.0
041 0 |a slo 
044 |a SK 
245 1 0 |a Zásoby v milk-run systéme  |c Martin Krajčovič 
520 |a Prístup štíhleho zásobovania pracovísk - koncept milk -run - z pohľadu udržiavania optimálnej úrovne zásob vo vnútropodnikovom systéme. Základné parametre pre riadenie zásob vo vstupnom sklade a na pracovisku. Výpočet maximálnej a minimálnej zásoby. Synchronizácia logistických a výrobných procesov. 
610 2 0 |a sklady 
610 2 0 |a zásoby materiálu 
610 2 0 |a logistika podniková 
610 2 0 |a podnik 
610 2 0 |a proces výrobný 
610 2 0 |a manipulácia s materiálom 
100 1 |a Krajčovič, Martin